Flaggenquiz Extrem - Statistiken

Allgemein
  • Dieses Quiz wurde 101 mal gespielt
  • Das Durchschnittsergebnis liegt bei 3 aus 8
Antwortstatistiken
Bildquiz Antwort % Korrekt
St. Lucia
96%
Saõ Tomé und Principé
71%
Niue
44%
Thüringen
30%
Somaliland
23%
St. Pierre und Miquelon
19%
Krim
18%
Sacha
4%
Keine übereinstimmenden Quizze gefunden
Verteilung der Resultate
Anzahl Personen mit jedem Resultat
Perzentil nach korrekt beantworteten Fragen
Ihre Resultats-Entwicklung
Sie haben dieses Quiz noch nicht gespielt